000 00873nam a2200229 a 4500
005 20160105090038.0
008 140219b1995 ck ado gr|||| 00| 0 spa d
040 _aCO-BoIAVH
_cCO-BoIAVH
041 0 _aspa
044 _ack
082 0 4 _a584.4
_bW67o
100 1 _aWilde, Arend Jod de
_eAutor
245 1 4 _aOrquídeas silvestres de Ucumarí
_bUna guía de campo para la identificación de las orquídeas del Parque Ucumarí
_cArend Job De Wilde
260 _aPereira :
_bCorporación Autónoma Regional De Risaralda,
_c1995.
300 _a87 páginas :
_bIlustraciones, gráficas, fotografías;
_c22 x 17 cm
650 0 6 _aOrquídeas
650 0 6 _aOrquídeas
_xGuía de campo
650 0 6 _aOrquídeas
_xClaves taxonómicas
650 0 6 _aOrquídeas
_xDescripciones taxonómicas
650 0 6 _aOrquídeas
_xCultivos
942 _cLIBRO
_2ddc
999 _c203
_d203